Landscaping in property management /
محفوظ في:
| المؤلف الرئيسي: | |
|---|---|
| التنسيق: | أطروحة كتاب |
| اللغة: | English |
| منشور في: |
1992.
|
| الموضوعات: | |
| الوسوم: |
إضافة وسم
لا توجد وسوم, كن أول من يضع وسما على هذه التسجيلة!
|
| LEADER | 00835cam a2200253 a 4500 | ||
|---|---|---|---|
| 001 | u330004 | ||
| 003 | SIRSI | ||
| 008 | 930810s1992 si v 00 1 eng m | ||
| 035 | |a ABP-3157 | ||
| 040 | |a UMM | ||
| 043 | |a a-si--- | ||
| 090 | |a SB470.55 |b S55Tay | ||
| 100 | 1 | 0 | |a Tay, Bee Wah. |
| 245 | 1 | 0 | |a Landscaping in property management / |c by Tay Bee Wah. |
| 260 | |c 1992. | ||
| 300 | |a x, 90 leaves : |b ill. ; |c 30 cm. | ||
| 502 | |a Dissertation (M.Sc.) -- National University of Singapore, 1992. | ||
| 504 | |a Includes bibliographical references. | ||
| 650 | 0 | |a Landscape architecture |z Singapore. | |
| 650 | 0 | |a Landscape gardening |z Singapore. | |
| 650 | 0 | |a Real estate management |z Singapore. | |
| 948 | |a 10/08/1993 |b 20/08/2002 | ||
| 596 | |a 1 | ||
| 999 | |a SB470.55 S55TAY |w LC |c 1 |i A504455012 |d 20/7/1999 |l STACKS |m P01UTAMA |n 1 |r Y |s Y |t TESIS |u 25/8/1993 | ||
